000 01175nam a22003377a 4500
003 CHAP
005 20220329140448.0
008 971013s1982 r 00010 d
010 _a52325
011 _a53297
035 _a57447
040 _cCHAP
090 _aTesis
100 0 0 _aPorras J., Santiago I.
_990946
245 _aEfecto del calor en la germinación de las semillas de zacate Jaragua (Hyparrhenia rufa (Nees) Stapf) en condiciones de laboratorio
260 _a(Monterrey, N.L.) :
_bEl autor,
_c1982
300 _a54 h.
502 _aTesis (Ing. Agr. en Producción) -- ITESM. Div. de Ciencias Agropecuarias y Marítimas
590 _aALEPH
_b10
_c20130110
_lUCH01
_h1329
590 _aBATCH-UPD
_b10
_c20130110
_lUCH01
_h0141
590 _aBATCH-UPD
_b10
_c20130110
_lUCH01
_h0651
590 _aBATCH-UPD
_b10
_c20130410
_lUCH01
_h1259
590 _aBATCH-UPD
_b10
_c20130914
_lUCH01
_h0824
590 _aCONVERSION
_b10
_c20130109
_lUCH01
_h1328
650 1 4 _aCalor
_xEfecto en semillas.
_917575
650 1 4 _aHyparrhenia rufa.
_957103
650 1 4 _aPastos
_xGerminación.
_986040
901 _aBK
942 _cTESIS
949 _bBC
_cTES
_d-124976
_eTS1
_i57447
_si
999 _c52325
_d52325